Well-Known Movie by Tough Image IX Quiz Stats

Quiz Updated Aug 24, 2016

Challenge
Share
Tweet
Score 0/30 Timer 08:00
0 Plays Today
% Correct
Snow White and the Seven Dwarfs
74.5%
Mission: Impossible
61%
Pirates of the Caribbean: Dead Man's Chest
56.5%
Transformers
55%
World War Z
53%
Twister
52.3%
Brokeback Mountain
50.6%
The Da Vinci Code
50.2%
Troy
46.1%
X-Men: Days of Future Past
42.7%
Deadpool
40.9%
Gone with the Wind
40%
The Crow
39.8%
District 9
38.8%
Citizen Kane
35.3%
% Correct
War of the Worlds
34%
The Nightmare Before Christmas
30.4%
Drive
30.3%
Looper
29.1%
The Elephant Man
28.9%
Step Brothers
26.8%
Snatch
25.5%
10 Things I Hate About You
19.9%
Aliens
19.3%
The Mask
19.1%
Blood Diamond
19%
The Rock
18.2%
Ted
17%
When Harry Met Sally...
15.5%
Mulholland Dr.
7.1%

You're not logged in!

Compare scores with friends on all Sporcle quizzes.
Sign Up with Email
OR
Log In

You Might Also Like...

Show Comments

Extras

Top Quizzes Today


Score Distribution

Your Account Isn't Verified!

In order to create a playlist on Sporcle, you need to verify the email address you used during registration. Go to your Sporcle Settings to finish the process.